000 00695nam a2200169Ia 4500
008 090711s9999 xx 000 0 und d
082 _b2010
100 _aइंगोले विजया
245 _aज्ञान ज्योती माई सावित्री फुले
260 _bराजेश मधुकर इंगोले
_c1994
300 _a294
600 _aइंगोले विजया
630 _aज्ञान ज्योती माई सावित्री फुले
700 _aइंगोले विजया
730 _aज्ञान ज्योती माई सावित्री फुले
942 _cBOOK
999 _c326621
_d326621